| 000 | 00499cam a22001934a 4500 | ||
|---|---|---|---|
| 005 | 20250605164309.0 | ||
| 008 | 250528s ||||||||||||||||||||||||d | ||
| 035 | _a22378 | ||
| 020 | _a9789603446095 | ||
| 040 |
_aGR-AtMCL _bgre _dGR-AtMCL _eAACR2 |
||
| 245 | 1 | _aΕΙΣΑΓΩΓΗ ΣΤΗΝ ΨΥΧΟΛΟΓΙΑ ΤΟΜΟΣ Β | |
| 250 | _a1 | ||
| 260 |
_bΕλληνικά Γράμματα, _c1998 |
||
| 300 | _a270 | ||
| 700 | 1 |
_aHayes Nicky _987 |
|
| 942 | _cBK | ||
| 999 |
_c7431 _d7431 |
||